000 00769nas a2200229 4500
001 BR7900565
003 BR-BrBNA
005 20231205083624.0
007 ta
008 230509b bl.|||p| |||| 00| 00por d
040 _aBR-BrBNA
_bpor
_cBiblioteca Nacional de Agricultura
041 _a(Pt)
072 _aK50
100 1 _aMoraes, V.H.F. (Centro Naciona de Pesquisa em Seringueira, Manaus, AM (Brazil))
245 1 _aMini-sangria da seringueira. Ensaios preliminares com o clone Fx 25 [Hevea brasiliensis, latex]
650 _aSERINGUEIRA
650 _aSANGRIA
650 _aLATEX
773 0 _tPesquisa Agropecuaria Brasileira (Brazil)
_xISSN 0100-204X
_g(1978), v. 13(1) p. 1-8
_wBR7900565
909 _a202311
_bLúcia
_c55
_dLúcia Elande
942 _2AGRIS
_n0
_cANA
999 _c100122
_d100122